[Event "ODJM A 2015"]
[Site "Willingen GER"]
[Date "2015.05.25"]
[Round "3"]
[White "Steffens, Oliver"]
[Black "Schmider, Niklas"]
[Result "0-1"]
[Termination "normal"]
[Board "23"]
[WhiteElo "1665"]
[BlackElo "2014"]
[PlyCount "104"]
[WhiteFideId "12947148"]
[BlackFideId "12993778"]
[EventCountry "GER"]
[EventRounds "9"]
[EventType "swiss"]
[EventDate "2015.05.23"]

1. e4 c5 2. Nf3 Nc6 3. Bb5 g6 4. O-O Bg7 5. Re1 Nf6 6. c3 O-O 7. d4 cxd4 8.
cxd4 a6 9. Bf1 d6 10. h3 b5 11. Nc3 Bb7 12. e5 Nd7 13. e6 fxe6 14. Rxe6 Rxf3
15. gxf3 Nxd4 16. Re3 Nf5 17. Re1 Bxc3 18. bxc3 Qc7 19. Bd3 Ne5 20. Be4 Nh4 21.
Re3 Rf8 22. Bd5+ Kg7 23. f4 Rxf4 24. Rxe5 dxe5 25. Bxf4 Bxd5 26. Qxd5 exf4 27.
Qe4 e5 28. Rd1 Qxc3 29. Qb7+ Kh6 30. Qd7 Qf3 31. Qg4 Qxg4+ 32. hxg4 Kg5 33. Rd6
Kxg4 34. Rxa6 Kf5 35. Kf1 Nf3 36. Kg2 Nd4 37. Rd6 h5 38. f3 h4 39. Rb6 g5 40.
a4 bxa4 41. Ra6 h3+ 42. Kxh3 Nxf3 43. Rxa4 g4+ 44. Kg2 Ng5 45. Kf2 g3+ 46. Kg2
e4 47. Ra8 Kg4 48. Rg8 f3+ 49. Kf1 Kf4 50. Rf8+ Ke3 51. Rg8 g2+ 52. Kg1 Nh3+
0-1

[Event "ODJM A 2015"]
[Site "Willingen GER"]
[Date "2015.05.25"]
[Round "3"]
[White "Balazs, Balint"]
[Black "Neumann, Tiemon"]
[Result "1/2-1/2"]
[Termination "normal"]
[Board "24"]
[WhiteElo "2034"]
[BlackElo "1664"]
[PlyCount "120"]
[WhiteFideId "12922757"]
[BlackFideId "12925462"]
[EventCountry "GER"]
[EventRounds "9"]
[EventType "swiss"]
[EventDate "2015.05.23"]

1. d4 Nf6 2. Nc3 d5 3. Bf4 c6 4. Qd2 Bf5 5. f3 h5 6. e3 e6 7. O-O-O Bd6 8. Nge2
Qc7 9. Bxd6 Qxd6 10. Ng3 Bg6 11. e4 Qe7 12. Bd3 dxe4 13. fxe4 e5 14. dxe5 Nfd7
15. e6 Qxe6 16. Nf5 O-O 17. h3 b5 18. g4 b4 19. Nb1 c5 20. gxh5 Bxh5 21. Qg5
Bg6 22. Ne7+ Kh8 23. Qh4+ Bh7 24. Nd2 Ne5 25. Rhf1 c4 26. Nxc4 Nxc4 27. Bxc4
Qxc4 28. Ng6+ Kg8 29. Nxf8 Bxe4 30. Rf2 Nc6 31. Nd7 Nd4 32. Qf4 Ne2+ 33. Rxe2
Qxe2 34. Qc7 Bf3 35. Nf6+ gxf6 36. Rg1+ Bg2 37. Qg3+ Kf8 38. Qxg2 Qxg2 39. Rxg2
Ke7 40. Rg4 a5 41. Kd2 Rh8 42. h4 Rh5 43. Ke3 Ke6 44. Re4+ Kd6 45. c4 bxc3 46.
bxc3 Kc5 47. c4 Rf5 48. Rf4 Re5+ 49. Kd3 Rh5 50. Rd4 Kb4 51. Rf4 Ka3 52. Kc3
Kxa2 53. Rd4 a4 54. Kb4 a3 55. Rd2+ Kb1 56. Rh2 a2 57. Kb3 a1=N+ 58. Kc3 f5 59.
Rb2+ Kc1 60. Ra2 Kb1 1/2-1/2

[Event "ODJM A 2015"]
[Site "Willingen GER"]
[Date "2015.05.25"]
[Round "3"]
[White "Wachinger, David"]
[Black "Zesewitz, Maik"]
[Result "1/2-1/2"]
[Termination "normal"]
[Board "25"]
[WhiteElo "1901"]
[BlackElo "1604"]
[PlyCount "48"]
[WhiteFideId "24692689"]
[BlackFideId "12905640"]
[EventCountry "GER"]
[EventRounds "9"]
[EventType "swiss"]
[EventDate "2015.05.23"]

1. d4 c5 2. d5 d6 3. c4 e5 4. Nc3 Nf6 5. e4 Be7 6. Bd3 O-O 7. Nge2 Nbd7 8. Ng3
Nb6 9. O-O Ne8 10. f4 exf4 11. Bxf4 Bg5 12. Qd2 Bxf4 13. Qxf4 Qf6 14. Qxf6 Nxf6
15. Rae1 Nbd7 16. Nb1 Ne5 17. Be2 b6 18. Nd2 a5 19. a4 Ba6 20. b3 Rae8 21. h3
Bc8 22. Kh2 Ng6 23. Bd1 Re7 24. Bc2 Rfe8 1/2-1/2

[Event "ODJM A 2015"]
[Site "Willingen GER"]
[Date "2015.05.25"]
[Round "3"]
[White "Recktenwald, Cedric"]
[Black "Reitz, Philipp"]
[Result "1/2-1/2"]
[Termination "normal"]
[Board "26"]
[WhiteElo "1492"]
[BlackElo "1797"]
[PlyCount "41"]
[WhiteFideId "12971928"]
[BlackFideId "12973297"]
[EventCountry "GER"]
[EventRounds "9"]
[EventType "swiss"]
[EventDate "2015.05.23"]

1. e4 c5 2. Nc3 d6 3. f4 Nc6 4. Bc4 Nf6 5. d3 Bg4 6. Nf3 g6 7. h3 Bxf3 8. Qxf3
Na5 9. Bb5+ Nd7 10. O-O Bg7 11. Qg4 Nc6 12. Bxc6 bxc6 13. f5 Ne5 14. Qh4 Qb6
15. Nd1 Kd7 16. Qf2 h6 17. Rb1 g5 18. Be3 Qa5 19. a3 Rab8 20. Bd2 Qa6 21. Bc3
1/2-1/2

[Event "ODJM A 2015"]
[Site "Willingen GER"]
[Date "2015.05.25"]
[Round "3"]
[White "Reck, Jessica"]
[Black "Tiedemann, Fin Niklas"]
[Result "1-0"]
[Termination "normal"]
[Board "27"]
[WhiteElo "1620"]
[BlackElo "1774"]
[PlyCount "57"]
[WhiteFideId "12917931"]
[BlackFideId "12936936"]
[EventCountry "GER"]
[EventRounds "9"]
[EventType "swiss"]
[EventDate "2015.05.23"]

1. d4 Nf6 2. c4 g6 3. Nf3 Bg7 4. g3 O-O 5. Bg2 d6 6. O-O Nbd7 7. Nc3 e5 8. e4
a5 9. h3 Ne8 10. d5 f5 11. Ng5 Nc5 12. Qc2 Nf6 13. Be3 Na6 14. a3 Qe7 15. Rab1
h6 16. Nf3 Nh5 17. Nh4 Qf6 18. exf5 gxf5 19. Qe2 Qf7 20. Bd2 Kh7 21. Bf3 Nf6
22. Kh2 e4 23. Bg2 Nc5 24. Nd1 Nd3 25. Ne3 Kg8 26. Nhxf5 Bxf5 27. Nxf5 Nc5 28.
Bxh6 Nh5 29. Bxg7 1-0

[Event "ODJM A 2015"]
[Site "Willingen GER"]
[Date "2015.05.25"]
[Round "3"]
[White "Leonard, Timo"]
[Black "Thumm, Felix"]
[Result "1/2-1/2"]
[Termination "normal"]
[Board "28"]
[WhiteElo "1528"]
[BlackElo "1802"]
[PlyCount "114"]
[WhiteFideId "16208757"]
[BlackFideId "12902209"]
[EventCountry "GER"]
[EventRounds "9"]
[EventType "swiss"]
[EventDate "2015.05.23"]

1. e4 c5 2. c3 e6 3. d4 cxd4 4. cxd4 Nf6 5. Nc3 d5 6. e5 Nfd7 7. a3 a6 8. Nf3
b5 9. Bd3 Nc6 10. O-O Qb6 11. Be3 Bb7 12. Rc1 Rc8 13. b4 Qa7 14. Nd2 Ndxe5 15.
dxe5 d4 16. Bf4 dxc3 17. Rxc3 Rd8 18. Ne4 Qd4 19. Qc2 Nxe5 20. Bxe5 Qxe5 21.
Rc7 Rxd3 22. Rxb7 Qxe4 23. Qc7 Qxb7 24. Qxb7 Rd6 25. Rc1 Be7 26. h3 Bd8 27. Rc6
Rd7 28. Kh2 O-O 29. Qxa6 Rd2 30. Qxb5 Rxf2 31. a4 Be7 32. Qc4 Rb2 33. b5 h6 34.
Rc8 Bd8 35. Qd4 Bf6 36. Rxf8+ Kxf8 37. Qc5+ Kg8 38. a5 Re2 39. Qc4 Be5+ 40. Kg1
Rb2 41. b6 Bg3 42. Qd3 Be1 43. Qa3 Rb5 44. a6 Ba5 45. a7 Bxb6+ 46. Kh2 Bxa7 47.
Qxa7 Rf5 48. Qa8+ Kh7 49. Qe4 Kg8 50. g4 Ra5 51. h4 g5 52. h5 Ra2+ 53. Kg3 Ra3+
54. Kf2 Ra2+ 55. Ke3 Ra3+ 56. Kd2 Ra2+ 57. Kc3 Ra5 1/2-1/2

[Event "ODJM A 2015"]
[Site "Willingen GER"]
[Date "2015.05.25"]
[Round "3"]
[White "Torzinski, Nils"]
[Black "Sauer, Annika"]
[Result "1-0"]
[Termination "normal"]
[Board "29"]
[WhiteElo "1859"]
[BlackElo "1646"]
[PlyCount "53"]
[WhiteFideId "24695840"]
[BlackFideId "12952052"]
[EventCountry "GER"]
[EventRounds "9"]
[EventType "swiss"]
[EventDate "2015.05.23"]

1. e4 d5 2. exd5 Qxd5 3. Nc3 Qa5 4. d4 Nf6 5. Bc4 Bf5 6. Nge2 e6 7. O-O c6 8.
Ng3 Bg6 9. f4 Nbd7 10. f5 Bxf5 11. Nxf5 exf5 12. Qe2+ Be7 13. Bf4 Qd8 14. Rae1
Nb6 15. Bb3 Nc8 16. d5 O-O 17. dxc6 Qb6+ 18. Be3 Qxc6 19. Rxf5 Bb4 20. Bg5 Bxc3
21. bxc3 Re8 22. Qxe8+ Nxe8 23. Bxf7+ Kh8 24. Rxe8+ Qxe8 25. Bxe8 h6 26. Rf8+
Kh7 27. Be3 1-0

[Event "ODJM A 2015"]
[Site "Willingen GER"]
[Date "2015.05.25"]
[Round "3"]
[White "Buhr, Patrick"]
[Black "Wissing, Philipp"]
[Result "1-0"]
[Termination "normal"]
[Board "30"]
[WhiteElo "1769"]
[BlackElo "1558"]
[PlyCount "77"]
[WhiteFideId "16206436"]
[BlackFideId "12993654"]
[EventCountry "GER"]
[EventRounds "9"]
[EventType "swiss"]
[EventDate "2015.05.23"]

1. c4 c5 2. g3 Nc6 3. Bg2 g6 4. Nc3 Bg7 5. Nf3 Nf6 6. O-O d5 7. d3 d4 8. Na4
Qd6 9. a3 Nd7 10. Bd2 a5 11. Ne1 O-O 12. Nc2 e5 13. Qe1 Re8 14. b4 axb4 15.
axb4 Bf8 16. Nxc5 Rxa1 17. Qxa1 Nxc5 18. bxc5 Qxc5 19. Rb1 Nb4 20. Bxb4 Qc7 21.
Bxf8 Kxf8 22. Qa8 Bg4 23. Qa3+ Qe7 24. Qxe7+ Rxe7 25. Kf1 Bc8 26. Ke1 f5 27.
Kd2 e4 28. dxe4 fxe4 29. Rb4 e3+ 30. fxe3 dxe3+ 31. Kd3 Bf5+ 32. Kd4 Bg4 33.
Rxb7 Bxe2 34. Rxe7 Kxe7 35. Bd5 Bxc4 36. Bxc4 Kf6 37. Kxe3 Kg5 38. Kf3 h5 39.
h4+ 1-0

[Event "ODJM A 2015"]
[Site "Willingen GER"]
[Date "2015.05.25"]
[Round "3"]
[White "Schimnatkowski, Lukas"]
[Black "Hoppe, Andreas"]
[Result "0-1"]
[Termination "normal"]
[Board "31"]
[WhiteElo "1851"]
[BlackElo "1767"]
[PlyCount "64"]
[WhiteFideId "12936723"]
[BlackFideId "12922811"]
[EventCountry "GER"]
[EventRounds "9"]
[EventType "swiss"]
[EventDate "2015.05.23"]

1. e4 e6 2. d3 d5 3. Nd2 Nf6 4. Ngf3 Bc5 5. Be2 O-O 6. O-O Bb6 7. b4 Qe7 8. a4
a5 9. e5 Nfd7 10. b5 c5 11. Ba3 f6 12. d4 fxe5 13. dxe5 Bc7 14. Bd3 b6 15. Qe2
Rd8 16. h4 h6 17. g3 Qf7 18. c3 Bb7 19. Kg2 Nf8 20. h5 Nbd7 21. Rae1 Qxh5 22.
Rh1 Qf7 23. Bc1 Ng6 24. Bxg6 Qxg6 25. Nh4 Qf7 26. Ndf3 Nf8 27. Rh2 d4 28. Reh1
Rd5 29. Kg1 Rd7 30. cxd4 cxd4 31. Ng5 hxg5 32. Ng2 Qf3 0-1

[Event "ODJM A 2015"]
[Site "Willingen GER"]
[Date "2015.05.25"]
[Round "3"]
[White "Pysarenko, Kyrill"]
[Black "Bosse, Lea"]
[Result "1/2-1/2"]
[Termination "normal"]
[Board "33"]
[WhiteElo "1482"]
[BlackElo "1641"]
[PlyCount "41"]
[WhiteFideId "12974250"]
[BlackFideId "12900419"]
[EventCountry "GER"]
[EventRounds "9"]
[EventType "swiss"]
[EventDate "2015.05.23"]

1. e4 e6 2. d4 d5 3. Nd2 Be7 4. Bd3 Nf6 5. e5 Nfd7 6. Ne2 c5 7. c3 Nc6 8. Nf3
O-O 9. O-O cxd4 10. cxd4 f6 11. exf6 Bxf6 12. Qc2 g6 13. Qd1 e5 14. Bb1 e4 15.
Ne1 b6 16. a3 Bg7 17. Nc2 Ba6 18. Re1 Qf6 19. Be3 Bh6 20. Qd2 Na5 21. Ba2
1/2-1/2

[Event "ODJM A 2015"]
[Site "Willingen GER"]
[Date "2015.05.25"]
[Round "3"]
[White "Dittrich, Tom"]
[Black "Kornitzky, Tino"]
[Result "1-0"]
[Termination "normal"]
[Board "34"]
[WhiteElo "1762"]
[BlackElo "1622"]
[PlyCount "53"]
[WhiteFideId "12923532"]
[BlackFideId "12970379"]
[EventCountry "GER"]
[EventRounds "9"]
[EventType "swiss"]
[EventDate "2015.05.23"]

1. e4 c5 2. Nf3 d6 3. d4 cxd4 4. Nxd4 Nf6 5. Nc3 g6 6. Be3 Bg7 7. f3 O-O 8. Qd2
Nc6 9. Bc4 Bd7 10. O-O-O Ne5 11. Bb3 Rc8 12. g4 Nc4 13. Bxc4 Rxc4 14. h4 a6 15.
h5 b5 16. hxg6 fxg6 17. Nde2 b4 18. Nd5 e6 19. Nxf6+ Qxf6 20. e5 Qxe5 21. Bd4
Qa5 22. Bxg7 Qxa2 23. Qh6 Rxc2+ 24. Kxc2 b3+ 25. Kd2 Qa5+ 26. Bc3 Qd5+ 27. Kc1
1-0

[Event "ODJM A 2015"]
[Site "Willingen GER"]
[Date "2015.05.25"]
[Round "3"]
[White "Baumann, Eva"]
[Black "Brunner, Tobias"]
[Result "1/2-1/2"]
[Termination "normal"]
[Board "35"]
[WhiteElo "1539"]
[BlackElo "1717"]
[PlyCount "90"]
[WhiteFideId "12998788"]
[BlackFideId "12949833"]
[EventCountry "GER"]
[EventRounds "9"]
[EventType "swiss"]
[EventDate "2015.05.23"]

1. e4 d5 2. exd5 Qxd5 3. Nc3 Qa5 4. Bc4 Nf6 5. Nf3 Bf5 6. d3 c6 7. O-O e6 8.
Bd2 Qc7 9. Bb3 Bd6 10. Re1 O-O 11. h3 Nbd7 12. Ne4 Bxe4 13. dxe4 Rfd8 14. Qe2
a5 15. a3 h6 16. Bxh6 gxh6 17. e5 Nxe5 18. Nxe5 Bxe5 19. Qxe5 Qxe5 20. Rxe5 Rd2
21. Rc1 a4 22. Bc4 Rd4 23. Bd3 Rad8 24. Rce1 Kf8 25. Kf1 Ke7 26. g3 Rc8 27. Rc5
Nd7 28. Rc4 Rxc4 29. Bxc4 Nb6 30. Bd3 c5 31. Rd1 c4 32. Be4 c3 33. bxc3 Rxc3
34. Rd3 Rc7 35. Ke1 Nd7 36. Rd4 b5 37. Kd1 Nb6 38. Rb4 Rc5 39. Kc1 Nc4 40. Bd3
Nxa3 41. Kb2 Nc4+ 42. Bxc4 bxc4 43. Rxa4 Kd6 44. Kc3 Kd5 45. f3 Rc7 1/2-1/2

[Event "ODJM A 2015"]
[Site "Willingen GER"]
[Date "2015.05.25"]
[Round "3"]
[White "Leddin, Mathias"]
[Black "Jacob, Karl"]
[Result "0-1"]
[Termination "normal"]
[Board "36"]
[WhiteElo "1649"]
[BlackElo "1826"]
[PlyCount "104"]
[WhiteFideId "4654684"]
[BlackFideId "24696684"]
[EventCountry "GER"]
[EventRounds "9"]
[EventType "swiss"]
[EventDate "2015.05.23"]

1. c4 Nf6 2. Nc3 c6 3. g3 e6 4. d4 d5 5. b3 Bd6 6. Nf3 Nbd7 7. Bb2 O-O 8. Bg2
Qc7 9. e3 h6 10. c5 Be7 11. b4 a5 12. a3 b6 13. O-O Ba6 14. Re1 Rfb8 15. Qc2
Qb7 16. Reb1 Bc4 17. Nd2 b5 18. e4 Ne8 19. e5 f6 20. Qg6 Nf8 21. Qh5 fxe5 22.
Qxe5 Bf6 23. Qe3 g5 24. Bh3 Ng7 25. Nf3 Qf7 26. Ne5 Bxe5 27. Qxe5 Ng6 28. Qe3
Nf5 29. Qd2 e5 30. Nd1 Re8 31. Ne3 Nxe3 32. fxe3 exd4 33. Bxd4 Ne5 34. Bg2 Ng4
35. h3 Ne5 36. bxa5 Nf3+ 37. Bxf3 Qxf3 38. Qf2 Qxf2+ 39. Kxf2 Rxa5 40. Re1 Bd3
41. Bb2 Rf8+ 42. Kg1 Rf3 43. Be5 Ra4 44. Kg2 Be4 45. Kg1 Rc4 46. Bd4 Rc2 47.
Rac1 Rxg3+ 48. Kf1 Bg2+ 49. Kg1 Bxh3+ 50. Kh1 Bg2+ 51. Kh2 Rh3+ 52. Kg1 Rh1#
0-1

[Event "ODJM A 2015"]
[Site "Willingen GER"]
[Date "2015.05.25"]
[Round "3"]
[White "Udaykumar, Arunn Mark"]
[Black "Schulz, Theresa Charlotte"]
[Result "0-1"]
[Termination "normal"]
[Board "37"]
[WhiteElo "1824"]
[BlackElo "1611"]
[PlyCount "124"]
[WhiteFideId "12965456"]
[BlackFideId "12952206"]
[EventCountry "GER"]
[EventRounds "9"]
[EventType "swiss"]
[EventDate "2015.05.23"]

1. e4 c5 2. Nf3 Nc6 3. d4 cxd4 4. Nxd4 g6 5. Nc3 Bg7 6. Be3 Nf6 7. Bc4 Qa5 8.
O-O O-O 9. h3 d6 10. f4 Qb6 11. Qd3 Ng4 12. Nd5 Qxb2 13. Nxc6 bxc6 14. Rab1
cxd5 15. Rxb2 dxc4 16. Qe2 Nxe3 17. Qxe3 Bxb2 18. c3 Ba3 19. Kh2 Bc5 20. Qe2
Ba6 21. g4 Rfb8 22. f5 Ba3 23. Qf3 Rb2+ 24. Kg3 g5 25. h4 Rd2 26. Qh1 Rd3+ 27.
Kf2 Rb8 28. Rb1 Rd2+ 29. Ke3 Rxb1 30. Qxb1 Rb2 31. Qh1 Rxa2 32. hxg5 Bc5+ 33.
Kf3 Rf2+ 34. Kg3 Be3 35. Qh5 Bb7 36. g6 fxg6 37. fxg6 hxg6 38. Qxg6+ Kf8 39. g5
a5 40. Qh6+ Ke8 41. Qh8+ Rf8 42. Qh5+ Kd7 43. Qh3+ Kd8 44. g6 Bxe4 45. g7 Rg8
46. Qh8 Bd5 47. Kh4 Bd2 48. Qh5 Be1+ 49. Kh3 Be6+ 50. Kh2 Bxc3 51. Qf3 Be5+ 52.
Kh1 Rxg7 53. Qa8+ Kd7 54. Qb7+ Ke8 55. Qc6+ Kf7 56. Qf3+ Bf6 57. Qh5+ Rg6 58.
Qxa5 c3 59. Qc7 Bd5+ 60. Kh2 Be5+ 61. Kh3 Be6+ 62. Kh4 Bg3+ 0-1

[Event "ODJM A 2015"]
[Site "Willingen GER"]
[Date "2015.05.25"]
[Round "3"]
[White "Engel, Robert"]
[Black "Tham, Minh"]
[Result "1/2-1/2"]
[Termination "normal"]
[Board "38"]
[WhiteElo "1718"]
[BlackElo "1600"]
[PlyCount "90"]
[WhiteFideId "12974684"]
[BlackFideId "12997323"]
[EventCountry "GER"]
[EventRounds "9"]
[EventType "swiss"]
[EventDate "2015.05.23"]

1. e4 e5 2. Nf3 Nc6 3. Nc3 Bc5 4. Nxe5 Nxe5 5. d4 Bxd4 6. Qxd4 Qf6 7. Be3 Nc6
8. Qxf6 Nxf6 9. Bc4 O-O 10. O-O d6 11. f3 Be6 12. Bb3 Rad8 13. Rfd1 Rfe8 14.
Bg5 h6 15. Bxf6 gxf6 16. Ba4 a6 17. Nd5 Kg7 18. Nxc7 Re7 19. Nxe6+ fxe6 20.
Bxc6 bxc6 21. Rd3 Rb7 22. b3 Kf7 23. Rad1 Ke7 24. f4 Rbb8 25. Rh3 Rh8 26. Rdd3
Rbg8 27. Rhg3 Rxg3 28. Rxg3 Kf7 29. Kf2 Rc8 30. Ke2 d5 31. e5 f5 32. Rc3 c5 33.
b4 c4 34. Ra3 Rg8 35. Kf2 Rb8 36. Ra4 h5 37. a3 Rb6 38. Ke3 Ke7 39. Ra5 Kd7 40.
Kf3 d4 41. Rc5 Rc6 42. Ra5 Rb6 43. Ke2 Kc7 44. Kd2 Kb7 45. Ke2 Rb5 1/2-1/2

[Event "ODJM A 2015"]
[Site "Willingen GER"]
[Date "2015.05.25"]
[Round "3"]
[White "Meyer, Nico"]
[Black "Stockter, Jasper Enno"]
[Result "1/2-1/2"]
[Termination "normal"]
[Board "39"]
[WhiteElo "1447"]
[BlackElo "1484"]
[PlyCount "41"]
[WhiteFideId "12975257"]
[BlackFideId "12957291"]
[EventCountry "GER"]
[EventRounds "9"]
[EventType "swiss"]
[EventDate "2015.05.23"]

1. e4 e6 2. d4 d5 3. exd5 exd5 4. Bd3 Bd6 5. Ne2 Ne7 6. Bf4 Bf5 7. O-O Nbc6 8.
c3 O-O 9. Re1 Qd7 10. Qc2 Bxd3 11. Qxd3 a6 12. Nd2 Ng6 13. Bg3 Rfe8 14. Nf3
Bxg3 15. Nxg3 h6 16. Nf5 Rxe1+ 17. Rxe1 Re8 18. Rxe8+ Qxe8 19. Qc2 Qe6 20. Ne3
Nce7 21. Kf1 1/2-1/2

[Event "ODJM A 2015"]
[Site "Willingen GER"]
[Date "2015.05.25"]
[Round "3"]
[White "Hundrieser, Malte"]
[Black "Leimbach, Tim Vincent"]
[Result "1-0"]
[Termination "normal"]
[Board "40"]
[WhiteElo "1659"]
[BlackElo "1699"]
[PlyCount "93"]
[WhiteFideId "12997153"]
[BlackFideId "12988600"]
[EventCountry "GER"]
[EventRounds "9"]
[EventType "swiss"]
[EventDate "2015.05.23"]

1. e4 Nc6 2. d4 d5 3. exd5 Qxd5 4. Nf3 e5 5. dxe5 Qxd1+ 6. Kxd1 Bc5 7. Be3 Bxe3
8. fxe3 Bf5 9. Nbd2 O-O-O 10. c3 Nge7 11. Ke1 Ng6 12. Nd4 Nge7 13. N2f3 Bg6 14.
Bb5 Rd5 15. c4 Rdd8 16. Nxc6 Nxc6 17. a3 Rhe8 18. Bxc6 bxc6 19. Kf2 Rd3 20.
Rhd1 Red8 21. Nd4 Rxd1 22. Rxd1 c5 23. b4 cxd4 24. exd4 Kb7 25. Ke3 Kb6 26. g4
a5 27. h4 h6 28. d5 axb4 29. axb4 c5 30. b5 Ka5 31. d6 Kb4 32. d7 Bc2 33. Rd6
Ba4 34. b6 Bxd7 35. b7 Kxc4 36. Rxd7 Rb8 37. Rxf7 Kb3 38. e6 c4 39. e7 Re8 40.
b8=Q+ Rxb8 41. Rf8 Rxf8 42. exf8=Q c3 43. Qb8+ Kc2 44. Qb4 g5 45. Kd4 gxh4 46.
Qxc3+ Kd1 47. Ke3 1-0

[Event "ODJM A 2015"]
[Site "Willingen GER"]
[Date "2015.05.25"]
[Round "3"]
[White "Sinnhöfer, Jonas"]
[Black "Lohrmann, Tabea"]
[Result "1-0"]
[Termination "normal"]
[Board "41"]
[WhiteElo "1671"]
[BlackElo "1493"]
[PlyCount "113"]
[WhiteFideId "12982938"]
[BlackFideId "12911941"]
[EventCountry "GER"]
[EventRounds "9"]
[EventType "swiss"]
[EventDate "2015.05.23"]

1. e4 e5 2. Nf3 Nc6 3. Bb5 a6 4. Bxc6 dxc6 5. O-O Bg4 6. h3 h5 7. d3 Bxf3 8.
Qxf3 Nf6 9. Be3 Qd7 10. Nd2 Be7 11. Nc4 Qe6 12. Qg3 Bd6 13. Kh1 O-O-O 14. c3
Rdg8 15. f4 exf4 16. Nxd6+ cxd6 17. Qxf4 Rf8 18. Bd4 Ne8 19. b4 f6 20. c4 Nc7
21. a4 b5 22. axb5 axb5 23. c5 Kd7 24. cxd6 Qxd6 25. Qxd6+ Kxd6 26. Bc5+ Kd7
27. Bxf8 Rxf8 28. Kh2 Kd6 29. d4 Re8 30. Rfe1 Ne6 31. Rad1 Rd8 32. Kg3 Ra8 33.
d5 Ra3+ 34. Kf2 Nf4 35. Re3 Ra2+ 36. Kf3 Nxg2 37. dxc6+ Kxc6 38. Rc1+ Kb6 39.
Rec3 Nh4+ 40. Ke3 Ng6 41. Rc6+ Kb7 42. Rc7+ Kb8 43. Rxg7 Ne5 44. Kd4 Rd2+ 45.
Kc5 Rd8 46. Kxb5 Rd7 47. Rxd7 Nxd7 48. Kc6 Kc8 49. Rg1 Kd8 50. Rd1 Kc8 51. Rxd7
Kb8 52. Rc7 Ka8 53. Kb6 Kb8 54. Rc2 h4 55. Rc1 f5 56. exf5 Ka8 57. Rc8# 1-0